| 000 | 00383pab a2200145 454500 | ||
|---|---|---|---|
| 008 | 180718b2005 xxu||||| |||| 00| 0 eng d | ||
| 100 | _aGangopadhyay, Aparajita | ||
| 245 | _aIndia's policy towards its diaspora: continuity and change | ||
| 260 | _c2005 | ||
| 300 | _ap.93-122. | ||
| 362 | _aOct-Dec | ||
| 650 | _aNonresident Indians | ||
| 773 | _aIndia Quarterly | ||
| 909 | _a69374 | ||
| 999 |
_c69374 _d69374 |
||